Les buteurs français à la Coupe Du Monde 2022 - Statistiques

Statistiques générales
  • Ce quiz a été pris 112 fois
  • Le résultat moyen est 5 sur 6
Statistiques - réponses
Buts Réponse % Correct
8 Kylian Mbappe
100%
4 Olivier Giroud
95%
1 Randal Kolo Muani
73%
1 Theo Hernandez
72%
1 Aurelien Tchouameni
70%
1 Adrien Rabiot
63%
Aucun quiz correspondant
Distribution des résultats
% des personnes avec chaque résultat
Percentile par nombre de réponses
Votre historique - résultats
Vous n’avez pas pris ce quiz